Scholé vo Vysokých Tatrách - Centrum pre zlého počasie
Guardado en:
| Autor principal: | |
|---|---|
| Otros Autores: | |
| Formato: | Manuscrito Libro |
| Lenguaje: | eslovaco |
| Publicado: |
2024
|
| Materias: | |
| Acceso en línea: | http://is.stuba.sk/zp/portal_zp.pl?podrobnosti=177660 https://opac.crzp.sk/?fn=detailBiblioForm&sid=9A7D98113A4E7D6F03AF7EA0EB46 |
| Etiquetas: |
Sin Etiquetas, Sea el primero en etiquetar este registro!
|
MARC
| LEADER | 00000ntm a22000003a 4500 | ||
|---|---|---|---|
| 001 | stuzp100316 | ||
| 003 | SK-STU | ||
| 005 | 20240909134256.9 | ||
| 007 | ta | ||
| 008 | 150427s2015----xo-----f-mn---000-0-slo-d | ||
| 040 | |a STU |b slo | ||
| 041 | 0 | |a slo | |
| 100 | 1 | |a Benko, Henrich |u 010310 |4 aut |U SvF Stavebná fakulta |T SvF Katedra architektúry |X 99008 |U V181|V310 |Y 19 |7 99008 | |
| 242 | 0 | 1 | |a Scholé in the High Tatras - Center for bad weather |y eng |
| 245 | 1 | 0 | |a Scholé vo Vysokých Tatrách - Centrum pre zlého počasie |
| 260 | |c 2024 | ||
| 650 | 4 | |a Starý Smokovec |2 slo | |
| 650 | 4 | |a amfiteáter |2 slo | |
| 650 | 4 | |a diplomová práca |2 slo | |
| 650 | 4 | |a scholé |2 slo | |
| 650 | 4 | |a Starý Smokovec |2 eng | |
| 650 | 4 | |a scholé |2 eng | |
| 650 | 4 | |a master's thesis |2 eng | |
| 650 | 4 | |a amphitheater |2 eng | |
| 700 | 1 | |a Kuráň, Jozef |u 010310 |k Z1 |4 ths |U SvF Stavebná fakulta |T SvF Katedra architektúry |X 710 |U V181|V310 |Y 19 |7 A000000710 | |
| 856 | 4 | |u http://is.stuba.sk/zp/portal_zp.pl?podrobnosti=177660 | |
| 856 | 4 | |u https://opac.crzp.sk/?fn=detailBiblioForm&sid=9A7D98113A4E7D6F03AF7EA0EB46 | |